|
|
|
|
| LEADER |
01282nam a2200349 a 4500 |
| 001 |
000759311 |
| 003 |
CZ BrMZK |
| 005 |
20110614075316.0 |
| 007 |
ta |
| 008 |
050113s2004 xr a er 000 f cze d |
| 015 |
|
|
|a cnb001487936
|
| 020 |
|
|
|a 80-7287-086-6
|q (váz.)
|
| 035 |
|
|
|a (OCoLC)85129559
|
| 040 |
|
|
|a BOA001
|b cze
|
| 072 |
|
7 |
|a 821.162.3-3
|x Česká próza
|2 Konspekt
|9 25
|
| 080 |
|
|
|a 821.162.3-31
|2 MRF
|
| 080 |
|
|
|a (0:82-31)
|2 MRF
|
| 100 |
1 |
|
|a Vančura, Vladislav,
|d 1891-1942
|7 jk01141424
|4 aut
|
| 245 |
1 |
0 |
|a Markéta Lazarová /
|c Vladislav Vančura ; [ilustrace Markéta Hlinovská]
|
| 250 |
|
|
|a Vyd. 19., v nakl. MAŤA 1.
|
| 260 |
|
|
|a Praha :
|b Maťa,
|c 2004
|
| 300 |
|
|
|a 132 s. :
|b il. ;
|c 21 cm
|
| 490 |
1 |
|
|a Česká radost ;
|v sv. 39
|
| 500 |
|
|
|a Dostupné též v digitální podobě v aplikaci Kramerius
|
| 655 |
|
7 |
|a české romány
|7 fd133974
|2 czenas
|
| 700 |
1 |
|
|a Hlinovská, Markéta,
|d 1978-
|7 xx0005541
|4 ill
|
| 830 |
|
0 |
|a Česká radost
|0 s
|
| 856 |
4 |
1 |
|u http://www.digitalniknihovna.cz/mzk/uuid/uuid:58d22380-95b4-11ea-830f-005056827e51
|y Digitalizovaný dokument
|x NDK
|
| 910 |
|
|
|a BOA001
|b 2-1145.271
|
| 990 |
|
|
|a BK
|
| 991 |
|
|
|b 200502
|f B-VAN
|
| 996 |
6 |
|
|b 2610239243
|c 2-1145.271
|l MZK
|r Sklad / do 1 hodiny
|n 3
|p p.v.
|w 000759311
|u 000010
|a 1
|e BOA001
|j MZK50
|s P
|